Labor relations management and negotiations / (Record no. 81862)
[ view plain ]
| 000 -LEADER | |
|---|---|
| fixed length control field | 00861nam a22002537a 4500 |
| 003 - CONTROL NUMBER IDENTIFIER | |
| control field | URS |
| 005 - DATE AND TIME OF LATEST TRANSACTION | |
| control field | 20250128233053.0 |
| 008 - FIXED-LENGTH DATA ELEMENTS--GENERAL INFORMATION | |
| fixed length control field | 250121b |||||||| |||| 00| 0 eng d |
| 020 ## - INTERNATIONAL STANDARD BOOK NUMBER | |
| International Standard Book Number | 978-621-427-138-2 |
| 040 ## - CATALOGING SOURCE | |
| Transcribing agency | URS |
| 050 00 - LIBRARY OF CONGRESS CALL NUMBER | |
| Classification number | HD6961 |
| Item number | .C1467 2023 |
| 100 1# - MAIN ENTRY--PERSONAL NAME | |
| Personal name | Camiliar-Serrano, Angelita Ong |
| Relator term | Author |
| 245 10 - TITLE STATEMENT | |
| Title | Labor relations management and negotiations / |
| Statement of responsibility, etc | Angelita OngCamiliar-Serrano [and] Rodolfo, Lapaz Ducut |
| 250 ## - EDITION STATEMENT | |
| Edition statement | second edition. |
| 264 #1 - PUBLICATION, DISTRIBUTION, ETC. (IMPRINT) | |
| Place of publication, distribution, etc | Manila |
| Name of publisher, distributor, etc | Unlimited Books Library Services & Publishing INC., |
| Date of publication, distribution, etc | @2023 |
| 300 ## - PHYSICAL DESCRIPTION | |
| Extent | xiv, 464pages; |
| Dimensions | 25cm. |
| 336 ## - CONTENT TYPE | |
| Source | rdacontent |
| Content type term | text |
| 337 ## - MEDIA TYPE | |
| Source | rdamedia |
| Media type term | unmediated |
| 338 ## - CARRIER TYPE | |
| Source | rdacarrier |
| Carrier type term | volume |
| 504 ## - BIBLIOGRAPHY, ETC. NOTE | |
| Bibliography, etc | it includes bibliography. |
| 650 ## - SUBJECT ADDED ENTRY--TOPICAL TERM | |
| Source of heading or term | Industrial relation-- philippines. |
| 700 ## - ADDED ENTRY--PERSONAL NAME | |
| Personal name | Rodolfo Lapaz Ducut |
| Relator term | Author |
| 942 ## - ADDED ENTRY ELEMENTS (KOHA) | |
| Source of classification or shelving scheme | Library of Congress Classification |
| Koha item type | Filipiniana |
| Withdrawn status | Lost status | Source of classification or shelving scheme | Damaged status | Not for loan | Home library | Current library | Shelving location | Date acquired | Source of acquisition | Total Checkouts | Full call number | Barcode | Date last seen | Copy number | Price effective from | Koha item type |
|---|---|---|---|---|---|---|---|---|---|---|---|---|---|---|---|---|
| Library of Congress Classification | Rodriguez College Library | Rodriguez College Library | Filipiniana Section | 01/21/2025 | Library fund | HD6961 .C1467 2023 | URSROD-5261 | 01/21/2025 | 2 | 01/21/2025 | Filipiniana |